[Event "24th Open"]
[Site "Pula CRO"]
[Date "2010.06.22"]
[Round "5"]
[White "Barle,J"]
[Black "Kovacevic,A"]
[Result "0-1"]
[WhiteElo "2404"]
[BlackElo "2573"]
[EventDate "2010.06.19"]

1. e4 c5 2. Ne2 Nc6 3. Nbc3 g6 4. g3 Bg7 5. Bg2 d6 6. O-O e6 7. d3 Nge7 8.
Be3 Nd4 9. f4 O-O 10. Bf2 Nec6 11. Rb1 Rb8 12. Nxd4 cxd4 13. Ne2 e5 14. h3
Be6 15. c4 b5 16. f5 Bd7 17. g4 Bh6 18. h4 f6 19. Ng3 g5 20. h5 Be8 21. Be1
Bf7 22. b3 Qb6 23. Rc1 Rfc8 24. Kh1 Bf8 25. Rf2 Be7 26. Rfc2 Bd8 27. Ne2
Qa6 28. Rb1 Ba5 29. Nc1 Bb4 30. Bxb4 Nxb4 31. Rcb2 Qa3 32. Bf1 Rc5 33. Qd2
Rc6 34. Be2 h6 35. Kg1 Rcb6 36. Kf2 Na6 37. Rc2 Nb4 38. Rcb2 Kg7 39. Kg2
Be8 40. Kf2 Bc6 41. Bf3 R8b7 42. Qe2 Kf7 43. Kg2 Ke7 44. Kf2 Kd7 45. Kg2
Na6 46. Kf2 Nc5 47. Qc2 Qb4 48. a3 Qc3 49. cxb5 Bxb5 50. Be2 Qxc2 51. Rxc2
Ba4 52. Bd1 Bxb3 53. Nxb3 Nxd3+ 54. Ke2 Rxb3 55. Rxb3 Rxb3 56. Ra2 Nc1+ 57.
Kd2 Nxa2 58. Bxb3 Nc3 59. Bc4 Kc6 60. Bd3 Kc5 0-1

[Event "24th Open"]
[Site "Pula CRO"]
[Date "2010.06.22"]
[Round "5"]
[White "Kuljasevic,D"]
[Black "Zelcic,R"]
[Result "1/2-1/2"]
[WhiteElo "2539"]
[BlackElo "2538"]
[EventDate "2010.06.19"]

1. d4 Nf6 2. c4 e6 3. Nc3 Bb4 4. e3 O-O 5. Bd3 d5 6. Nf3 c5 7. O-O dxc4 8.
Bxc4 Nbd7 9. Qe2 cxd4 10. exd4 Nb6 11. Bd3 Bd7 12. Rd1 Rc8 13. Ne4 Bc6 14.
Nxf6+ Qxf6 15. Ne5 Qh4 16. g3 Qe7 17. h4 Bd5 18. Bg5 f6 19. Ng6 hxg6 20.
Bxg6 Be4 21. Bxe4 fxg5 22. Qh5 g6 23. Qxg6+ Qg7 24. Qxe6+ Qf7 25. Qxf7+
Rxf7 26. hxg5 Re7 27. f3 Rd8 28. a3 Bd6 29. Kf2 Nc8 30. Rac1 Bb8 31. Re1 a5
32. Bd5+ Kf8 33. Rxe7 Nxe7 34. Bxb7 Ba7 35. Kg2 Bxd4 36. b4 a4 37. b5 Bb2
38. Rc4 Rd4 39. Rxd4 Bxd4 40. b6 Bxb6 41. Be4 Bc5 42. Bc2 Bxa3 1/2-1/2